00606 2200169 4500001002100000005001500021035002000036008003900056245013300095100002800228260006300256300002400319084001800343082000800361650004700369990002000416INLIS00000000000654620251002030802 a0010-1025000089251002 | | | 1 aRespon Pertumbuhan Bibit Kelor (Moringa Oleifera L.) Terhadap Konsentrasi Dan Lama Perendam Air Kelapa /cJunita Erika Oktaviana aOktaviana, Junita Erika aTenggarong :bFAPERTA-Universitas Kutai Kartanegara,c2022 a46 hlm. ;c21x30 cm a630 OKT R C.1 a630 4aUsaha Tani, Pertanian, Teknologi Pertanian a230713110009813